000 00573nam a2200229Ia 4500
003 OSt
005 20220924144551.0
006 a|||||r|||| 00| 0
007 ta
008 220923b |||||||| |||| 00| 0 urd d
024 _a315808
037 _cTextual
040 _aARTS
_cARTS
_burd
041 _2urd
_aurd
082 _aO168,1NAHx, L6;M8
100 _aQumar Ehsan
_9217919
245 0 _aSher-e-aaho khanah
260 _c1988
650 _aURDU POETRY
942 _hO168,1NAHx, L6;M8
_cTEXL
_2CC
999 _c457488
_d457488